000 00449nam a2200145Ia 4500
008 100204s9999 xx 000 0 und d
082 _b11933
100 _aनाईक गुरुनाथ
245 _aविद्र्रोही
260 _b"पुजा प्रकाशन , मुंबई"
_c1989
300 _a183
630 _aविद्र्रोही
730 _aविद्र्रोही
942 _cBOOK
999 _c456369
_d456366